<?xml version="1.0" encoding="UTF-8"?>
<record
    xmlns:xsi="http://www.w3.org/2001/XMLSchema-instance"
    xsi:schemaLocation="http://www.loc.gov/MARC21/slim http://www.loc.gov/standards/marcxml/schema/MARC21slim.xsd"
    xmlns="http://www.loc.gov/MARC21/slim">

  <leader>01463nab a2200229 i 4500</leader>
  <controlfield tag="001">BPP</controlfield>
  <controlfield tag="003">BPK</controlfield>
  <controlfield tag="005">20160412111718.0</controlfield>
  <controlfield tag="008">140228s1982    pl     f     |000 0 pol</controlfield>
  <datafield tag="040" ind1=" " ind2=" ">
    <subfield code="c">BPK</subfield>
  </datafield>
  <datafield tag="080" ind1=" " ind2=" ">
    <subfield code="a">621.5</subfield>
  </datafield>
  <datafield tag="100" ind1=" " ind2=" ">
    <subfield code="a">CZAPP, Marian.</subfield>
    <subfield code="d">1970 - 1996.</subfield>
    <subfield code="b">Wy&#x17C;sza Szko&#x142;a In&#x17C;ynierska w Koszalinie - Instytut Konstrukcji i Eksploatacji Maszyn,</subfield>
    <subfield code="c">Zak&#x142;ad Termodynamiki i Ch&#x142;odnictwa</subfield>
  </datafield>
  <datafield tag="245" ind1=" " ind2=" ">
    <subfield code="a">Pr&#xF3;ba oceny profilu i zasi&#x119;gu strumienia powietrza na wyp&#x142;ywie z ch&#x142;odnic wentylatorowych /</subfield>
    <subfield code="c">Marian Czapp, Henryk Charun, Tadeusz Bohdal.</subfield>
  </datafield>
  <datafield tag="260" ind1=" " ind2=" ">
    <subfield code="c">1982.</subfield>
  </datafield>
  <datafield tag="500" ind1=" " ind2=" ">
    <subfield code="a">Dane z autopsji.</subfield>
  </datafield>
  <datafield tag="520" ind1=" " ind2=" ">
    <subfield code="a">Dokonano analizy wybranych problem&#xF3;w dotycz&#x105;cych r&#xF3;&#x17C;nic w ocenie profilu i zasi&#x119;gu strumienia powietrza na wyp&#x142;ywie z indywidualnych ch&#x142;odnic wentylatorowych w stosunku do typowych rozwi&#x105;za&#x144; stosowanych w technice wentylacyjnej. Na podstawie wynik&#xF3;w przeprowadzonych bada&#x144; przyk&#x142;adowo dla dw&#xF3;ch ch&#x142;odnic uj&#x119;to pr&#xF3;b&#x119; oceny ww. zagadnie&#x144;.</subfield>
  </datafield>
  <datafield tag="650" ind1=" " ind2="0">
    <subfield code="a">Ch&#x142;odnictwo - urz&#x105;dzenia.</subfield>
  </datafield>
  <datafield tag="700" ind1=" " ind2=" ">
    <subfield code="a">CHARUN, Henryk.</subfield>
    <subfield code="d">1970 - 1996.</subfield>
    <subfield code="b">Wy&#x17C;sza Szko&#x142;a In&#x17C;ynierska w Koszalinie - Instytut Konstrukcji i Eksploatacji Maszyn,</subfield>
    <subfield code="c">Zak&#x142;ad Termodynamiki i Ch&#x142;odnictwa</subfield>
  </datafield>
  <datafield tag="700" ind1=" " ind2=" ">
    <subfield code="a">BOHDAL, Tadeusz.</subfield>
    <subfield code="d">1976 - 1996.</subfield>
    <subfield code="b">Wy&#x17C;sza Szko&#x142;a In&#x17C;ynierska w Koszalinie - Instytut Konstrukcji i Eksploatacji Maszyn,</subfield>
    <subfield code="c">Zak&#x142;ad Termodynamiki i Ch&#x142;odnictwa</subfield>
  </datafield>
  <datafield tag="773" ind1=" " ind2=" ">
    <subfield code="i">W :</subfield>
    <subfield code="t">Ch&#x142;odnictwo. -</subfield>
    <subfield code="g">1982, R. 17, nr 5, s. 6-7</subfield>
  </datafield>
  <datafield tag="942" ind1=" " ind2=" ">
    <subfield code="c">ART</subfield>
    <subfield code="2">UKD</subfield>
  </datafield>
  <datafield tag="999" ind1=" " ind2=" ">
    <subfield code="c">2332</subfield>
    <subfield code="d">2332</subfield>
  </datafield>
  <datafield tag="952" ind1=" " ind2=" ">
    <subfield code="0">0</subfield>
    <subfield code="1">0</subfield>
    <subfield code="4">0</subfield>
    <subfield code="7">0</subfield>
    <subfield code="a">BPK</subfield>
    <subfield code="b">BPK</subfield>
    <subfield code="o">0218</subfield>
    <subfield code="y">ART</subfield>
  </datafield>
</record>
